| 000 | 00700nam a2200253Ia 4500 | ||
|---|---|---|---|
| 003 | OSt | ||
| 005 | 20220926013643.0 | ||
| 006 | a|||||r|||| 00| 0 | ||
| 007 | ta | ||
| 008 | 220923b |||||||| |||| 00| 0 eng d | ||
| 037 | _cGeneral Book | ||
| 040 |
_aRTL _cRTL _beng |
||
| 041 |
_2eng _aeng |
||
| 082 | _aW:77, L2 | ||
| 100 | _aWolfe Martin Ed. | ||
| 245 | 0 | _aEconomic causes of imperialism | |
| 260 |
_aNew York _bJohn Wiley _c1972 |
||
| 300 |
_ax,184p _ccm. |
||
| 490 | _aMajor Issues in History Ed by C Warren Hollister | ||
| 500 | _aBibliography: p 181-184 | ||
| 650 | _aImperialism | ||
| 942 |
_hW:77, L2 _cGB _2CC |
||
| 999 |
_c626446 _d626446 |
||